00626nam a22001817a 4500020001500000040000900015082001300024100002300037110003800060245001300098250002000111260004100131650001300172942001200185999001900197952012600216952010200342 a0471381578 cNUST a515bANT aHoward Anton98931 aIrl Bivens, Stephen Davis9125329 aCalculus aSeventh Edition aNew York:bJohn Wiley & Sons,c2002. 2Calculus 2ddccBK c611083d611083 00102ddc4070aCEMEbCEMEcGENd2024-08-25l1o515 ANTpCEME- 36753q2025-11-30r2025-10-31s2025-10-31w2024-08-25yBK 00102ddc4070aCEMEbCEMEcGENd2024-08-25l0o515 ANTpCEME- 36754r2024-08-25w2024-08-25yBK